Historia, ¿para qué? (Record no. 209141)

MARC details
000 -CABECERA
campo de control de longitud fija 01249nam a22003617a 4500
005 - FECHA Y HORA DE LA ÚLTIMA TRANSACCIÓN
campo de control 20240924070652.0
007 - CAMPO FIJO DE DESCRIPCIÓN FÍSICA--INFORMACIÓN GENERAL
campo de control de longitud fija cr |||aaa|||||
008 - ELEMENTOS DE LONGITUD FIJA--INFORMACIÓN GENERAL
campo de control de longitud fija 230210s1980 mx ||||| |||| 00| 0 spa d
020 ## - NÚMERO INTERNACIONAL NORMALIZADO PARA LIBROS
Número Internacional Estándar del Libro 9789682310232
040 ## - FUENTE DE LA CATALOGACIÓN
Centro catalogador/agencia de origen MX-MxUPN
Lengua de catalogación spa
Normas de descripción aacr2
Centro/agencia transcriptor MX-MxUPN
041 0# - CÓDIGO DE IDIOMA
Código de lengua del texto/banda sonora o título independiente spa
050 #4 - SIGNATURA TOPOGRÁFICA DE LA BIBLIOTECA DEL CONGRESO
Número de clasificación D6
Número de documento/Ítem H56 1980
245 ## - MENCIÓN DE TÍTULO
Título Historia, ¿para qué?
250 ## - MENCIÓN DE EDICIÓN
Mención de edición Primera edición
260 ## - PUBLICACIÓN, DISTRIBUCIÓN, ETC.
Lugar de publicación, distribución, etc. Ciudad de México :
Nombre del editor, distribuidor, etc. Siglo XXI Editores,
Fecha de publicación, distribución, etc. 1980 (2018, 25a reimpresión).
300 ## - DESCRIPCIÓN FÍSICA
Extensión 245 páginas
490 ## - MENCIÓN DE SERIE
Mención de serie Historia
650 #4 - ASIENTO SECUNDARIO DE MATERIA - TERMINO TEMATICO
9 (RLIN) 6447
Término de materia o nombre geográfico como elemento de entrada Historia
Subdivisión general Estudio y enseñanza
650 #4 - ASIENTO SECUNDARIO DE MATERIA - TERMINO TEMATICO
Término de materia o nombre geográfico como elemento de entrada Historia
Subdivisión general Filosofía
9 (RLIN) 6938
700 1# - ASIENTO SECUNDARIO--NOMBRE DE PERSONAL
Nombre de persona Pereyra, Carlos,
Fechas asociadas al nombre 1871-1942
9 (RLIN) 28610
700 1# - ASIENTO SECUNDARIO--NOMBRE DE PERSONAL
Nombre de persona Villoro, Luis,
Fechas asociadas al nombre 1922-2014
9 (RLIN) 35269
700 1# - ASIENTO SECUNDARIO--NOMBRE DE PERSONAL
Nombre de persona González y González, Luis,
Fechas asociadas al nombre 1925-2003
9 (RLIN) 28518
700 1# - ASIENTO SECUNDARIO--NOMBRE DE PERSONAL
Nombre de persona Blanco, José Joaquín,
Fechas asociadas al nombre 1951-
9 (RLIN) 31032
700 1# - ASIENTO SECUNDARIO--NOMBRE DE PERSONAL
Nombre de persona Florescano, Enrique,
Fechas asociadas al nombre 1937-
9 (RLIN) 27909
700 1# - ASIENTO SECUNDARIO--NOMBRE DE PERSONAL
Nombre de persona Córdova, Arnaldo,
Fechas asociadas al nombre 1937-
9 (RLIN) 32383
700 1# - ASIENTO SECUNDARIO--NOMBRE DE PERSONAL
Nombre de persona Aguilar Camín, Héctor,
Fechas asociadas al nombre 1946-
9 (RLIN) 28058
700 1# - ASIENTO SECUNDARIO--NOMBRE DE PERSONAL
Nombre de persona Monsiváis, Carlos,
Fechas asociadas al nombre 1938-2010
9 (RLIN) 28357
700 1# - ASIENTO SECUNDARIO--NOMBRE DE PERSONAL
Nombre de persona Gilly, Adolfo,
Fechas asociadas al nombre 1928-
9 (RLIN) 30989
700 1# - ASIENTO SECUNDARIO--NOMBRE DE PERSONAL
Nombre de persona Bonfil Batalla, Guillermo,
Fechas asociadas al nombre 1935-1991
9 (RLIN) 30553
902 ## - ELEMENTOS DE DATOS B LOCAL, LDB (RLIN)
Creó GabrielCapula/100223
Modificó NoemiAcosta/240223
942 ## - ELEMENTOS DE PUNTO DE ACCESO ADICIONAL (KOHA)
Fuente del sistema de clasificación o colocación Library of Congress Classification
Tipo de ítem Koha Libro
Suprimir en OPAC No
Holdings
Estado de retiro Estado de pérdida Fuente del sistema de clasificación o colocación Estado dañado No para préstamo Código de colección Localización permanente Ubicación/localización actual Ubicación en estantería Fecha de adquisición Total de préstamos Renovaciones totales Clasificación Código de barras Fecha visto por última vez Fecha del último préstamo Precio válido a partir de Tipo de ítem Koha
    Library of Congress Classification     Colección General Bib. Gregorio Torres Quintero Bib. Gregorio Torres Quintero Planta baja 10/02/2023 5 1 D6 H56 1980 336153 15/04/2026 04/03/2026 10/02/2023 Libro